Регионална библиотека "Любен Каравелов" - Русе

Практическо ръководство по растителна защита за овощаря (Запис номер 57417)

MARC детайли
000 -Лидер
Контролно поле с фиксирана дължина 01087nam a2200289 c 4500
003 - Код на организацията, давaща контролен номер
Контролно поле BLK
005 - Дата и час на последна редакция
Контролно поле 20220323170344.0
008 - Елементи от данни с фиксирана дължина
fixed length control field 180408b bul|||||r ||||||| ||bul||
010 ## - Наследен системен номер
LC control number KNG00061420000
040 ## - Източник на каталожния запис
Идентификатор на билиотеката - собственик на записа BLK
041 ## - Код за език
Код за езика на текст/звукозапис или на отделно заглавие Български
Код за езика КДБФ Български
080 ## - УДК
Текстов определител УДК Овощарство в цялост
УДК код - определител по УДК 634.1
УДК определител (035)
УДК - код + определител 634.1(035)
100 1# - Редна дума - Автор
Автор Иванов, Спас
Авторска отговорност първи автор
R(LIN) 287606
139 ## - Редно поле
Редна дума Практическо ръководство по растителна защита за овощаря
245 10 - Сведения за заглавието
Заглавие Практическо ръководство по растителна защита за овощаря
Редно поле (дума) Спас Иванов; ред. Спас Иванов.
250 ## - Област на изданието
Сведения за изданието 3. прераб. и доп. изд
257 ## - Страна на издаване
Страна на създаване/издаване България
260 ## - Област на издателските данни
Място на издаване, разпространение и проч. Пловдив
Име на издателя, разпространителя и проч. Христо Г. Данов
Година на издаване 1982
300 ## - Физическа характеристика
Страници 368 с.
Размери/Мащаб 21 см
380 ## - Жанр
Жанр Селско стопанство
700 1# - Други автори (авторска отговорност)
Лично име Иванов, Спас
Автороска отговорност (Описва отношението между автора и произведението) ред.
9 (RLIN) 369496
852 ## - Местоположение
Форматна сигнатура Цб 113036
856 4# - Електронен адрес и достъп
Електронен формат pdf - файл
856 4# - Електронен адрес и достъп
Електронен формат pdf - файл
999 ## - СИСТЕМНИ КОНТРОЛНИ НОМЕРА
Koha biblionumber 57417
Koha biblioitemnumber 57417
942 ## - АРТИКУЛИ
Вид на библиотечния материал Книги
Скрит в OPAC Не
Периодичен библиозапис Да
944 ## - СЪЗДАВАНЕ И РЕДАКЦИЯ на ЗАПИСА
Създаване/Редакция Създаване
Дата на регистрацията/редакция 13.06.2004
Служител, извършил регистрацията/редакцията Читалня
944 ## - СЪЗДАВАНЕ И РЕДАКЦИЯ на ЗАПИСА
Създаване/Редакция Редакция
Дата на регистрацията/редакция 09.09.2015
Служител, извършил регистрацията/редакцията Грета_Цуфелде
999 ## - СИСТЕМНИ КОНТРОЛНИ НОМЕРА
Koha biblioitemnumber 57417
Наличности
Код за отписване Код за изгубен артикул Източник на класификационната схема Код за повреда Коз за рестрикции Код за отдаване Артикулен № Име на библиотеката - собственик Име на библиотеката, в която се намира в момента Статус (Текущо местоположение) Дата на вписване в системата Местоположение - отдел Цена в лева Инвентарен номер Систематично азбучна сигнатура Баркод Номер на екземпляра Цена в евро Служебна бележка Служебен тип на артикула
Изтеглен Не е изгубен Universal Decimal Classification Не е повреден без рестрикции ползва се в читалня 93036 Регионална библиотека "Любен Каравелов" Русе Регионална библиотека "Любен Каравелов" Русе Читалня 1993-01-01 Читалня 2.16 345872 Ч 634.1/П84 345872 1 1.10 Дата инв: 20.03.2017 Бележки инв: Ч2017 Книги
Изтеглен Не е изгубен Universal Decimal Classification Не е повреден без рестрикции заемане за дома 93037 Регионална библиотека "Любен Каравелов" Русе Регионална библиотека "Любен Каравелов" Русе Заемна - подръчен фонд 1982-01-01 Заемна - подръчен фонд 2.16 345871 П 634.1/П84 345871 2 1.10 N: стар фонд Дата: 01.01.1982 Дата инв: 06.02.2018 Бележки инв: П2018 Книги
  Не е изгубен Universal Decimal Classification Не е повреден без рестрикции ползва се в читалня 93038 Регионална библиотека "Любен Каравелов" Русе Регионална библиотека "Любен Каравелов" Русе Хранилище 1982-01-01 Хранилище 2.16 346071 Цб 113036 120000346071 3 1.10 N: стар фонд Дата: 01.01.1982 Книги
Vip Innovations Ltd, Rousse, Bulgaria 2025